00725nam a22002057a 450000500170000000800410001702000180005804000070007604100120008308200250009510000370012024500820015726000600023930000300029936500560032965000140038565000620039970000310046170000270049220231127160037.0231125b ||||| |||| 00| 0 eng d a9789383765997 cAL aEnglish 223a370.190954bKALR aShripathi Kalluraya P and others aRethinking Education in Contemporary India: Reflections From Mangalagangothri aMangalagangothribPrasaranga Mangalore Universityc2015 ax,222 p.bHBc22x15.5 cm. a063-065b₹150.00c₹d₹300.00e50%f23-11-2023 aEducation aCollection of Mangalore University Convocation Addressess aKALLURAYA (Shripathi P) Ed aKUMBLE (Dhananjaya) Ed